| 000 | 00904nas a2200301 4500 | ||
|---|---|---|---|
| 001 | BR0102319 | ||
| 003 | BR-BrBNA | ||
| 005 | 20231205103446.0 | ||
| 007 | ta | ||
| 008 | 230509b bl.|||p| |||| 00| 00por d | ||
| 040 |
_aBR-BrBNA _bpor _cBiblioteca Nacional de Agricultura |
||
| 041 | _a(Pt) | ||
| 072 | _aF02 | ||
| 100 | 1 | _aCarvalho, R. de | |
| 100 | 1 | _aPinto, J.E.B.P. | |
| 100 | 1 | _aDeschamps, C. | |
| 100 | 1 | _aInnecco, R. | |
| 245 | 1 | _aInfluencia de fatores físicos no desenvolvimento e crescimento in vitro de batata doce (Ipomoea batatas (L)Poir. | |
| 650 | _aBATATA DOCE | ||
| 650 | _aBROTO | ||
| 650 | _aMICROPROPAGAÇÃO | ||
| 650 | _aCULTURA IN VITRO | ||
| 650 | _aGEMA | ||
| 650 | _aCRESCIMENTO | ||
| 773 | 0 |
_tCiência e Prática (Brazil) _xISSN 0100-3267 _g(Apr-Jun 1995), v. 19(2) p. 158-164 _wBR0102319 |
|
| 909 |
_a202311 _bLúcia _c55 _dLúcia Elande |
||
| 942 |
_2AGRIS _n0 _cANA |
||
| 999 |
_c172972 _d172972 |
||